000 00414nam a2200157Ia 4500
003 OSt
005 20230529150806.0
008 211028s2015 xx 000 0 und d
040 _cAIMIT LIBRARY
041 _aeng
100 _aShanbhag, Anish; Mohammed, Riyaz.
_98598
_e131922
110 _aRiyaz Mohammed
_98599
245 _aConflict minerals solutions (CMS).
260 _aMangalore
_c2015
942 _2ddc
_cPRO
999 _c219968
_d219968